000 00688nam a2200217 i 4500
001 39384
003 ES-MaACL
005 20230906155949.0
007 t|
008 030303s1956 sp ||||1| spa d
100 1 _aCalleja Pérez, Nicolás.
_933729
245 1 0 _aAnatomía topográfica del caballo /
_cpor Nicolás Calleja Pérez.
250 _a2ª ed.
260 _aBarcelona :
_bLabor,
_c1956 (
_fTall. Ibero-Americanos)
300 _aXXII, 405 p. :
_bil. ;
_c24 cm.
490 1 _aPublicaciones de veterinaria Labor
650 4 _aCaballos-
_xAnatomía.
_9168283
830 1 _aPublicaciones de veterinaria Labor
_9229702
852 _aES-MaACL
_jC-10966
999 _c39384
_d39384